| 000 | 01264cad a22002175a 4500 | ||
|---|---|---|---|
| 001 | L151996 | ||
| 008 | 110120s2010 xxk f 000 0 eng d | ||
| 020 | _a9781409825999 | ||
| 035 | _a(Sirsi) u151996 | ||
| 041 | 0 | _aeng | |
| 050 | 0 | 4 | _a333.72 $2 18 |
| 110 | 2 |
_aUnited Kingdom _bDepartment for Communities and Local Government _94939 |
|
| 245 | 0 | 0 |
_aZero carbon for new non-domestic buildings _bconsultation on policy options, summary of responses _h[electronic resource] |
| 260 |
_aLondon _bDCLG _c2010 |
||
| 520 | _aThe Department for Communities and Local Government (DCLG) issued a consultation document, Zero carbon for new non-domestic buildings, in November 2009; the consultation related to proposals for working towards the ambition that all new non-domestic buildings should be zero carbon from 2019, with the public sector leading the way from 2018; the consultation closed in February 2010 and this report provides a summary of the responses. | ||
| 590 | _aKA NTK | ||
| 651 | 4 |
_aUnited Kingdom _y |
|
| 690 | _aENVIRONMENTAL AND LAND CONSULTANCY-ENERGY-ENERGY USE-ENERGY EFFICIENCY | ||
| 856 | 4 | 0 |
_uhttps://www.communities.gov.uk/documents/planningandbuilding/pdf/1804259.pdf _z View this item free of charge at www.communities.gov.uk |
| 942 | _n0 | ||
| 999 |
_c111786 _d111786 |
||